000 00946nam a2200277Ia 4500
003 OSt
005 20220925195254.0
006 a|||||r|||| 00| 0
007 ta
008 220923b |||||||| |||| 00| 0 eng d
020 _a9781845427825
_c6844.7600000000002
037 _b5381, 04/12/2014, RAJKIRAN BOOK AGENCY
_cGeneral Book
040 _aRTL
_cRTL
_beng
041 _2eng
_aeng
082 _aXM5:8:(Y:33), P6
100 _aPERRINI Francesco
245 0 _aDeveloping corporate social responsibility
_b A European perspective
260 _aCheltenham
_bEdward Elgar
_c2006
300 _axviii,250p.
_ccm.
500 _aAppendix chapterwise
650 _aCommerce
700 _a POGUTZ Stefano
_9254016
700 _a TENCATI Antonoi
_9254017
942 _hXM5:8:(Y:33), P6
_cGB
_2CC
999 _c532422
_d532422